000
00319nam a2200133Ia 4500
008
100328s9999 xx 000 0 und d
082
_b
74545
100
_a
Dhargalkar Vinayak.
245
_a
The Arabian Nights.
260
_b
Alka.
630
_a
The Arabian Nights.
730
_a
The Arabian Nights.
942
_c
BOOK
999
_c
560266
_d
560263